banner koha

Influencia de diferentes relacoes NO3/NH4+ no crescimento de plantulas de pupunha (Bactris gasipaes H.B.K.)em solucao nutritiva (Registro n. 162637)

MARC details
000 -LÍDER
campo de controle de tamanho fixo 01132nas a2200385 4500
001 - NÚMERO DE CONTROLE
campo de controle BR9904289
003 - IDENTIFICADOR DO NÚMERO DE CONTROLE
campo de controle BR-BrBNA
005 - DATA E HORÁRIO DA ÚLTIMA TRANSAÇÃO
campo de controle 20231205101557.0
007 - CAMPO FIXO DE DESCRIÇÃO FÍSICA--INFORMAÇÃO GERAL
campo de controle de tamanho fixo ta
008 - CAMPO DE DADOS FIXOS--INFORMAÇÃO GERAL
campo de controle de tamanho fixo 230509b bl.|||p| |||| 00| 00por d
040 ## - FONTE DA CATALOGAÇÃO
Instituição da catalogação original BR-BrBNA
Idioma da catalogação por
Instituição que transcreveu o registro Biblioteca Nacional de Agricultura
041 ## - CÓDIGO DE IDIOMA
Código do idioma do texto/trilha sonora ou título diferente (Pt)
072 ## - CÓDIGO DE CATEGORIA DE ASSUNTO
Código de Categoria de Assunto F61; F60
100 1# - ENTRADA PRINCIPAL--NOME PESSOAL
Nome pessoal Pacheco, R.G.
100 1# - ENTRADA PRINCIPAL--NOME PESSOAL
Nome pessoal Cardoso, A.A.
100 1# - ENTRADA PRINCIPAL--NOME PESSOAL
Nome pessoal Martinez, H.P.
100 1# - ENTRADA PRINCIPAL--NOME PESSOAL
Nome pessoal Cruz, C.D.
100 1# - ENTRADA PRINCIPAL--NOME PESSOAL
Nome pessoal Barros, N.F.
100 1# - ENTRADA PRINCIPAL--NOME PESSOAL
Nome pessoal Cantarutti, R.B.
100 1# - ENTRADA PRINCIPAL--NOME PESSOAL
Nome pessoal Aguilar, M.A.G. de
100 1# - ENTRADA PRINCIPAL--NOME PESSOAL
Nome pessoal Bovi, M.L.A.
245 1# - TÍTULO
Título Influencia de diferentes relacoes NO3/NH4+ no crescimento de plantulas de pupunha (Bactris gasipaes H.B.K.)em solucao nutritiva
650 ## - ASSUNTO--TERMO TÓPICO
Cabeçalho tópico ou nome geográfico Pupunha
650 ## - ASSUNTO--TERMO TÓPICO
Cabeçalho tópico ou nome geográfico Muda
650 ## - ASSUNTO--TERMO TÓPICO
Cabeçalho tópico ou nome geográfico Plantula
650 ## - ASSUNTO--TERMO TÓPICO
Cabeçalho tópico ou nome geográfico Nutriente Mineral
650 ## - ASSUNTO--TERMO TÓPICO
Cabeçalho tópico ou nome geográfico Absorcao
650 ## - ASSUNTO--TERMO TÓPICO
Cabeçalho tópico ou nome geográfico Solucao Nutritiva
650 ## - ASSUNTO--TERMO TÓPICO
Cabeçalho tópico ou nome geográfico Crescimento
650 ## - ASSUNTO--TERMO TÓPICO
Cabeçalho tópico ou nome geográfico Materia Seca
773 0# - ENTRADA ANALÍTICA
Título Agrotropica (Brazil)
ISSN - International Standard Serial Number ISSN 0103-3816
Partes relacionadas (Jan-Apr 1998), v. 10(1) p. 13-20
Número de controle do registro BR9904289
856 40 - LOCALIZAÇÃO ELETRÔNICA E ACESSO
Caminho Link DSPACE/MAPA BR9904289
909 ## -
-- 202311
-- Lúcia
-- 55
-- Lúcia Elande
942 ## - ELEMENTOS DE ENTRADA ADICIONADOS (KOHA)
Fonte da classificação ou esquema de arquivamento na estante Classificação AGRIS
Ocultar no OPAC Não
Tipo de material Koha Analítica
Exemplares
Situação do descarte Fonte da classificação ou esquema de arquivamento na estante Situação física Não pode ser emprestado Biblioteca de origem Biblioteca atual Localização na estante Enumeração do periódico / cronologia Total de empréstimos Data de último acesso Número do exemplar Tipo de material Koha Fonte de aquisição
  Classificação AGRIS   Consulta local Biblioteca Nacional de Agricultura - Binagri Biblioteca Nacional de Agricultura - Binagri   (Jan-Apr 1998), v. 10(1) p. 13-20   29/11/2023 01 Periódicos Portaria Interministerial nº 164/94

BINAGRI

Telefone: (61)3218-2567/2388/3357/2097 - binagri@agro.gov.br

Ministério da Agricultura e Pecuária , Esplanada dos Ministérios, Bloco D, Anexo B, Brasília/DF, CEP: 70.043-900